01189nac a22003377a 4500001001000000003000900010005001700019008003400036040005400070072000800124090001900132100002100151100002100172100001900193100001600212110006700228245007700295260003500372300000900407490010200416650001200518650002500530650001700555650001900572650002000591650001100611909004700622942001700669999001900686952014600705BR0100282BR-BrBNA20240105122507.0230509b bl.|||m| |||| 00| 0 por d aBR-BrBNAbporcBiblioteca Nacional de Agricultura aK10 a8901 BR01002821 aCarvalho, P.E.R.1 aZelazowski, W.H.1 aKaminski, N.L.1 aLopes, G.L.1 aCentro Nacional de Pesquisa de Florestas, Colombo, PR (Brasil)1 aComparacao entre especies nativas com one-tree-plot em Foz do Iguacu, PR3 aColombo, PR (Brasil): c1999.  a2 p. aPesquisa em Andamento - Centro Nacional de Pesquisa de Florestas (Brazil)vno. 10xISSN 0104-5903 aMadeira aExploracao Florestal aSilvicultura aEspecie Nativa aReflorestamento aParana a202312bLúcia Elandec55dLúcia Elande 2AGRISn0cMS c291327d291327 002AGRIS40708Acervo Gerala41918b41918cAGROBASEl0o8901 BR0100282p8901 BR0100282r2023-12-18yMSePortaria Interministerial nº 164/94